Youth, brainwashing, and the extremist cults / (Record no. 9123)

MARC details
000 -LEADER
fixed length control field 00578nam a2200205 a 4500
003 - CONTROL NUMBER IDENTIFIER
control field PILC
005 - DATE AND TIME OF LATEST TRANSACTION
control field 20160306115320.0
008 - FIXED-LENGTH DATA ELEMENTS--GENERAL INFORMATION
fixed length control field 050920s1977 xx 00 eng d
010 ## - LIBRARY OF CONGRESS CONTROL NUMBER
LC control number Acc#22513
020 ## - INTERNATIONAL STANDARD BOOK NUMBER
International Standard Book Number 0853643237
050 ## - LIBRARY OF CONGRESS CALL NUMBER
Classification number BP 603
Item number En73 1977
040 ## - CATALOGING SOURCE
Transcribing agency Philippine Baptist Theological Seminary
100 10 - MAIN ENTRY--PERSONAL NAME
Personal name Enroth, Ronald
245 10 - TITLE STATEMENT
Title Youth, brainwashing, and the extremist cults /
Statement of responsibility, etc. Ronald Enroth.
260 0# - PUBLICATION, DISTRIBUTION, ETC (IMPRINT)
Place of publication, distribution, etc. Grand Rapids, MI :
Name of publisher, distributor, etc. Zondervan,
Date of publication, distribution, etc. c1977.
300 ## - PHYSICAL DESCRIPTION
Extent 218 p. ; 22 cm.
650 ## - SUBJECT ADDED ENTRY--TOPICAL TERM
Topical term or geographic name as entry element CULTS
650 ## - SUBJECT ADDED ENTRY--TOPICAL TERM
Topical term or geographic name as entry element UNITED STATES
General subdivision RELIGION
942 ## - ADDED ENTRY ELEMENTS (KOHA)
Koha item type Circulation Books
Source of classification or shelving scheme Library of Congress Classification
Holdings
Withdrawn status Lost status Source of classification or shelving scheme Damaged status Not for loan Home library Current library Shelving location Date acquired Cost, normal purchase price Total Checkouts Full call number Barcode Date last seen Price effective from Koha item type
    Dewey Decimal Classification     PBTS Library PBTS Library Circulation Section 09/20/2005 5.80   BP 603 En73 1977 22513 02/13/2026 04/02/2015 Circulation Books

Philippine Baptist Theological Seminary | 19 Tacay Road, Central Guisad, Baguio City 2600, Philippines